000 00554nam a22001817a 4500
005 20251108172029.0
008 250721s1986 xx 000 0 ara d
082 1 4 _a891.5/فرد
100 1 _aالفردوسي، أبو القاسم
245 1 0 _aالشاهنامة :
_bملحمة الفرس الكبرى /
250 _aط4
264 1 _aبيروت :
_bدار العلم للملايين،
_c1986.
300 _a240ص.
650 1 7 _aالأدب الفارسي
700 1 _aمالطي، سمير
_eترجمة
942 _2ddc
_cBK
999 _c68678
_d68678